000 00539nam a2200193Ia 4500
008 151119s9999||||xx |||||||||||||| ||und||
082 _a920.054
082 _bGKKV17280
100 _aपिंगे रविंद्र
245 _aजिवलग सारे
260 _a--
260 _b--
260 _c2000
600 _aपिंगे रविंद्र
630 _aजिवलग सारे
700 _aपिंगे रविंद्र
730 _aजिवलग सारे
942 _cBOOK
999 _c1070468
_d1070465